Fundamentals of particle technology (Record no. 63374)

MARC details
000 -LEADER
fixed length control field 01242nam a2200217 a 4500
008 - FIXED-LENGTH DATA ELEMENTS--GENERAL INFORMATION
fixed length control field 120416s2002 ||||||||||||||||| || u
020 ## - INTERNATIONAL STANDARD BOOK NUMBER
International Standard Book Number 0954388100
050 ## - LIBRARY OF CONGRESS CALL NUMBER
Classification number TP 155 Hol
100 ## - MAIN ENTRY--PERSONAL NAME
Personal name Holdich, G. Richard
245 10 - TITLE STATEMENT
Title Fundamentals of particle technology
260 ## - PUBLICATION, DISTRIBUTION, ETC.
Place of publication, distribution, etc. U.K
Name of publisher, distributor, etc. Midland information technology & publish
Date of publication, distribution, etc. 2002
300 ## - PHYSICAL DESCRIPTION
Extent 173p. : ill.
350 ## -
-- 0.00
650 #7 - SUBJECT ADDED ENTRY--TOPICAL TERM
Topical term or geographic name entry element TECHNOLOGY
Source of heading or term fast
650 ## - SUBJECT ADDED ENTRY--TOPICAL TERM
Topical term or geographic name entry element PARTICLE TECHNOLOGY
995 ## -
-- MAIN LIBRARY OPEN ACCESS
-- 0.00
-- 737253
-- CBU-MAIN LIBRARY (Kitwe)
-- 1
-- 15.00
-- TP 155 Hol
-- 1
-- AVAILABLE
-- 41936
-- Main Library Open Access Collection
995 ## -
-- MAIN LIBRARY OPEN ACCESS
-- 0.00
-- 737254
-- CBU-MAIN LIBRARY (Kitwe)
-- 3
-- 15.00
-- TP 155 Hol
-- 3
-- AVAILABLE
-- 41938
-- Main Library Open Access Collection
995 ## -
-- MAIN LIBRARY OPEN ACCESS
-- 0.00
-- 737250
-- CBU-MAIN LIBRARY (Kitwe)
-- 2
-- 15.00
-- TP 155 Hol
-- 2
-- AVAILABLE
-- 41933
-- Main Library Open Access Collection
995 ## -
-- MAIN LIBRARY OPEN ACCESS
-- 0.00
-- 737251
-- CBU-MAIN LIBRARY (Kitwe)
-- 5
-- 15.00
-- TP 155 Hol
-- 5
-- AVAILABLE
-- 41934
-- Main Library Open Access Collection
995 ## -
-- MAIN LIBRARY OPEN ACCESS
-- 0.00
-- 737251
-- CBU-MAIN LIBRARY (Kitwe)
-- 4
-- 15.00
-- TP 155 Hol
-- 4
-- AVAILABLE
-- 41935
-- Main Library Open Access Collection
999 ## -
-- 63374
-- 63374
Holdings
Withdrawn status Lost status Source of classification or shelving scheme Damaged status Not for loan Permanent Location Current Location Shelving location Date acquired Total Checkouts Full call number Barcode Date last seen Price effective from Koha item type Copy number
          CBU-MAIN LIBRARY, KITWE. CBU-MAIN LIBRARY, KITWE.   12/24/2022   TP 155 Hol 41936 12/24/2022 12/24/2022 MONOGRAPH  
          CBU-MAIN LIBRARY, KITWE. CBU-MAIN LIBRARY, KITWE.   12/24/2022   TP 155 Hol 41938 12/24/2022 12/24/2022 MONOGRAPH  
          CBU-MAIN LIBRARY, KITWE. CBU-MAIN LIBRARY, KITWE.   12/24/2022   TP 155 Hol 41934 12/24/2022 12/24/2022 MONOGRAPH  
          CBU-MAIN LIBRARY, KITWE. CBU-MAIN LIBRARY, KITWE.   12/24/2022   TP 155 Hol 41935 12/24/2022 12/24/2022 MONOGRAPH  
          CBU-MPIKA LIBRARY, MPIKA CAMPUS. CBU-MPIKA LIBRARY, MPIKA CAMPUS.   12/24/2022   TP 155 Hol 41933 12/24/2022 12/24/2022 MONOGRAPH 1